[Event "FRA-chT2"]
[Site "France"]
[Date "2002.01.??"]
[Round "6"]
[White "Fabius, Raphael"]
[Black "Peter, Sebastien"]
[Result "0-1"]
[WhiteElo "2132"]
[BlackElo "2282"]
[PlyCount "96"]
[EventDate "2002.??.??"]
[EventType "team"]
[EventRounds "11"]
[EventCountry "FRA"]
[SourceTitle "EXT 2003"]
[Source "ChessBase"]
[SourceDate "2002.11.25"]
[SourceVersion "1"]
[SourceVersionDate "2002.11.25"]
[SourceQuality "1"]

1. d4 e6 2. g3 Nf6 3. Bg2 d5 4. Nf3 Be7 5. c4 dxc4 6. Qa4+ Bd7 7. Qxc4 Bc6 8. 0-0 0-0 9. Nc3 a6 10. Qd3 b5 11. a3 Qc8 12. Bg5 Qb7 13. e4 h6 14. d5 exd5 15. exd5 Bd7 16. d6 hxg5 17. dxe7 Re8 18. Ne5 c6 19. Qd6 Ra7 20. Rad1 Qc7 21. Nxd7 Qxd6 22. Rxd6 Rxd7 23. Rxd7 Nfxd7 24. Re1 f6 25. Ne4 Ne5 26. f4 gxf4 27. gxf4 Ng6 28. f5 Ne5 29. Rd1 Nbd7 30. Rd6 Rxe7 31. Ng3 a5 32. Bxc6 Nxc6 33. Rxc6 Re1+ 34. Kf2 Rb1 35. Rc2 Ne5 36. Ke2 Nc4 37. Ne4 Rxb2 38. Rxb2 Nxb2 39. Nd6 b4 40. axb4 axb4 41. Kd2 Na4 42. Nc4 Kh7 43. Nd6 g6 44. Ne8 gxf5 45. Nxf6+ Kg6 46. Nd5 b3 47. Nc3 Nxc3 48. Kxc3 f4 0-1